000 00689cam a22002293a 4500
001 18001
003 PGUSA
005 20140828083401.0
008 060316s2006||||xxu|||||s|||||000 | eng d
040 _aPGUSA
_beng
042 _adc
050 4 _aBV
245 1 4 _aThe American Missionary — Volume 49, No. 4, April, 1895
_h[electronic resource] /
_cVarious
260 _bProject Gutenberg,
_c2006
506 _aPublic domain in the USA.
516 _aElectronic text
653 _aCongregational churches -- Missions -- Periodicals
653 _aHome missions -- Periodicals
830 0 _aProject Gutenberg
_v18001
856 4 0 _uhttp://www.gutenberg.org/ebooks/18001
942 _cEB
999 _c247256
_d247256